Etelä-Karjalan kunnat kartalla - Statistics

Yleistilastot
  • Tätä visaa on pelattu 9 260 kertaa
  • Keskiarvotulos 6 / 9
Vastaukset kartalla
Vastauksille on annettu kartalla punavihreä väri sen mukaan, kuinka moni on saanut sen oikein.
 
Vastaustilastot
Vaakuna Väkiluku Kunta % Oikein
2 73 481 Lappeenranta
98%
1 24 784 Imatra
94%
3 4 320 Parikkala
67%
3 2 853 Lemi
65%
3 4 379 Luumäki
63%
3 3 179 Savitaipale
61%
3 4 735 Ruokolahti
60%
3 4 601 Taipalsaari
59%
3 3 018 Rautjärvi
55%
Ehtoja vastaavia visoja ei löytynyt
Tulosjakauma
Jokaisen tuloksen saaneiden osuus
Persentiili vastausten määrän mukaan
Tuloshistoriasi
Et ole pelannut tätä visaa